000
00434nam a2200169Ia 4500
008
090711s9999 xx 000 0 und d
082
_b
61968
100
_a
गोडबोले अशोक
245
_a
शँकी
260
_c
1988
300
_a
160
600
_a
गोडबोले अशोक
630
_a
शँकी
700
_a
गोडबोले अशोक
730
_a
शँकी
942
_c
BOOK
999
_c
294824
_d
294824